| 000 | 00668nam a2200205 a 4500 | ||
|---|---|---|---|
| 005 | 20220630124544.0 | ||
| 008 | 991125s1948 mx 000 0 spa u | ||
| 035 | _aUPN01000040586 | ||
| 049 | _aF | ||
| 050 | 4 |
_aN25 _bC63 no.6 1948 |
|
| 100 | 1 |
_aMontenegro, Roberto, _d1885-1968 |
|
| 245 | 1 | 0 |
_aMuseo de artes populares / _ctextos de Roberto Montenegro. |
| 260 |
_aMéxico : _bEdiciones de Arte, _c1948. |
||
| 300 |
_a64 p. : _bprincipalmente il. |
||
| 440 | 0 |
_aAnáhuac de arte mexicano ; _v6 |
|
| 500 | _aTexto en español, inglés, francés e italiano | ||
| 650 | 4 |
_aARTE - _xINDUSTRIA Y COMERCIO _92490 |
|
| 650 | 0 |
_aArte popular _zMéxico _92609 |
|
| 905 | _aLibro | ||
| 999 |
_c40586 _d40586 |
||